000 00366nam a22001577a 4500
003 macl
005 20230316130431.0
008 230316b |||||||| |||| 00| 0 eng d
040 _cMACL
050 _a910/RAI
100 _aRai, Suresh C.
_981837
245 _aGeoenvironment Of Manipur
260 _aNew Delhi
_bAne Books
650 _aGeography
942 _2ddc
_cBK
999 _c66014
_d66014